Matemáticas avanzadas para ingeniería : ecuaciones diferenciales /

Contenido: 1) Introducción a las ecuaciones diferenciales; 2) Ecuaciones diferenciales de primer orden; 3) Ecuaciones diferenciales de orden superior; 4) La transformada de Laplace; 5) Soluciones en serie para ecuaciones diferenciales lineales; 6) Soluciones numéricas a ecuaciones diferenciales ordi...

Olles dieđut

Furkejuvvon:
Bibliográfalaš dieđut
Váldodahkki: Zill, Dennis G. (autor)
Eará dahkkit: Cullen, Michael R. (autor) (autor)
Materiálatiipa: Girji
Giella:espánnjágiella
Almmustuhtton: México : McGraw-Hill : Interamericana, 2008, c2008
Fáttát:
Fáddágilkorat: Lasit fáddágilkoriid
Eai fáddágilkorat, Lasit vuosttaš fáddágilkora!

MARC

LEADER 00000nam^a2200000^a^4500
001 000322458
005 20250521000000.0
009 20260310113612.011
020 |a 970-10-6514-X 
020 |a 978-970-10-6514-3 
037 |a Acervo ITESO - Biblioteca 
041 |a ESP 
082 |a 515.  |b ZIL V. 1 
100 |a Zill, Dennis G.  |e (autor) 
240 1 1 |a [Matemáticas avanzadas para ingeniería, de Dennis G. Zill] 
245 1 0 |a Matemáticas avanzadas para ingeniería :  |b ecuaciones diferenciales /  |c D.G. Zill, M.R. Cullen ; tr. por Erika Montserrat Jasso Hernán D'Borneville, Carlos Roberto Cordero Pedraza. 
264 4 |a México :  |b McGraw-Hill :  |b Interamericana,  |c 2008, c2008 
300 |a XXXII, 631 [57] p. 
336 |a texto  |b txt  |2 rdacontenido 
337 |a sin mediación  |b n  |2 rdamedio 
338 |a volumen  |b nc  |2 rdasoporte 
500 |a Traducción de: Advanced Engineering Mathematics 
520 |a Contenido: 1) Introducción a las ecuaciones diferenciales; 2) Ecuaciones diferenciales de primer orden; 3) Ecuaciones diferenciales de orden superior; 4) La transformada de Laplace; 5) Soluciones en serie para ecuaciones diferenciales lineales; 6) Soluciones numéricas a ecuaciones diferenciales ordinarias; 7) Matrices; 8) Sistemas de ecuaciones diferenciales lineales; 9) Sistemas de ecuaciones diferenciales no lineales; 10) Funciones ortogonales y series de Fourier; 11) Problemas de valores en la frontera en coordenadas rectangulares; 12) Problemas de valores en la frontera en otros sistemas coordinados; 13) Método de la transformada integral; 14) Soluciones numéricas a ecuaciones diferenciales parciales. Apéndices. 
590 |a Traducción de la 3a edición en inglés 
649 |a XX 
650 |a Ecuaciones Diferenciales 
650 |a Series de Fourier 
650 |a Funciones (Matemáticas) 
650 |a Análisis Matemático -  |x Tema Principal 
650 |a Matemáticas de Ingeniería -  |x Tema Principal 
650 |a Matemáticas 
700 |a Cullen, Michael R.  |e (autor) 
910 |a Fondo General 
920 |a Impresos - Libros 
930 |a Colección General 
905 |a 101 
901 |a 0500209632  |b IT1  |c ACC  |i D58453  |u 20250521 
902 |a https://opac.biblio.iteso.mx/vufind/Record/000322458